<?xml version="1.0" encoding="UTF-8"?>
<record
    xmlns:xsi="http://www.w3.org/2001/XMLSchema-instance"
    xsi:schemaLocation="http://www.loc.gov/MARC21/slim http://www.loc.gov/standards/marcxml/schema/MARC21slim.xsd"
    xmlns="http://www.loc.gov/MARC21/slim">

  <leader>00736nam a22001337a 4500</leader>
  <datafield tag="040" ind1=" " ind2=" ">
    <subfield code="c">RUA</subfield>
  </datafield>
  <datafield tag="082" ind1=" " ind2=" ">
    <subfield code="a">AGR PHO 2017 B633 Or.1</subfield>
  </datafield>
  <datafield tag="100" ind1=" " ind2=" ">
    <subfield code="a">PHOK NGEAB &#x1795;&#x17BB;&#x1780;&#x200B; &#x1784;&#x17C0;&#x1794;</subfield>
  </datafield>
  <datafield tag="245" ind1=" " ind2=" ">
    <subfield code="a">effect of different rate of nitrogen fertilizer on green mustard in kbal koh vegetable station &#x1780;&#x17B6;&#x179A;&#x1794;&#x17D2;&#x179A;&#x17C0;&#x1794;&#x1792;&#x17C0;&#x1794;&#x1787;&#x17B8;&#x17A2;&#x17CA;&#x17BB;&#x1799;&#x179A;&#x17C9;&#x17C1;&#x1780;&#x17D2;&#x1793;&#x17BB;&#x1784;&#x1780;&#x1798;&#x17D2;&#x179A;&#x17B7;&#x178F;&#x1795;&#x17D2;&#x179F;&#x17C1;&#x1784;&#x17D7;&#x1782;&#x17D2;&#x1793;&#x17B6;&#x179B;&#x17BE;&#x178A;&#x17C6;&#x178E;&#x17B6;&#x17C6;&#x179F;&#x17D2;&#x1796;&#x17C3;&#x1781;&#x17C0;&#x179C;&#x1780;&#x17D2;&#x1793;&#x17BB;&#x1784;&#x179F;&#x17D2;&#x1790;&#x17B6;&#x1793;&#x17B8;&#x1796;&#x17B7;&#x179F;&#x17C4;&#x1792;&#x1793;&#x17CD;&#x1796;&#x17BC;&#x1787;&#x1794;&#x1793;&#x17D2;&#x179B;&#x17C2;&#x1780;&#x17D2;&#x1794;&#x17B6;&#x179B;&#x1780;&#x17C4;&#x17C7;</subfield>
  </datafield>
  <datafield tag="260" ind1=" " ind2=" ">
    <subfield code="a">RUA</subfield>
    <subfield code="b">Phnom penh </subfield>
    <subfield code="c">2017</subfield>
  </datafield>
  <datafield tag="300" ind1=" " ind2=" ">
    <subfield code="a">ix;37p</subfield>
    <subfield code="b">ill;</subfield>
    <subfield code="c">29cm</subfield>
  </datafield>
  <datafield tag="856" ind1=" " ind2=" ">
    <subfield code="u">https://drive.google.com/file/d/11LwnFfJAcU-MnYypLI_ltRLNHy5XSNmO/view?usp=sharing</subfield>
  </datafield>
  <datafield tag="942" ind1=" " ind2=" ">
    <subfield code="c">AGR</subfield>
  </datafield>
  <datafield tag="999" ind1=" " ind2=" ">
    <subfield code="c">17964</subfield>
    <subfield code="d">17964</subfield>
  </datafield>
  <datafield tag="952" ind1=" " ind2=" ">
    <subfield code="0">0</subfield>
    <subfield code="1">0</subfield>
    <subfield code="2">ddc</subfield>
    <subfield code="4">0</subfield>
    <subfield code="6">AGR_PHO_2017_000000000000000_B633_OR_1</subfield>
    <subfield code="7">0</subfield>
    <subfield code="9">79406</subfield>
    <subfield code="a">LBB</subfield>
    <subfield code="b">LBB</subfield>
    <subfield code="c">B633</subfield>
    <subfield code="d">2019-07-15</subfield>
    <subfield code="l">3</subfield>
    <subfield code="o">AGR PHO 2017 B633 Or.1</subfield>
    <subfield code="p">A42131</subfield>
    <subfield code="r">2024-02-16</subfield>
    <subfield code="s">2024-02-08</subfield>
    <subfield code="w">2019-07-15</subfield>
    <subfield code="y">AGR</subfield>
  </datafield>
  <datafield tag="952" ind1=" " ind2=" ">
    <subfield code="0">0</subfield>
    <subfield code="1">0</subfield>
    <subfield code="2">ddc</subfield>
    <subfield code="4">0</subfield>
    <subfield code="6">AGR_PHO_2017_000000000000000_B633_OR_2</subfield>
    <subfield code="7">0</subfield>
    <subfield code="9">79407</subfield>
    <subfield code="a">LBB</subfield>
    <subfield code="b">LBB</subfield>
    <subfield code="c">B633</subfield>
    <subfield code="d">2019-07-15</subfield>
    <subfield code="l">2</subfield>
    <subfield code="o">AGR PHO 2017 B633 Or.2</subfield>
    <subfield code="p">A42216</subfield>
    <subfield code="r">2023-09-25</subfield>
    <subfield code="s">2023-09-20</subfield>
    <subfield code="w">2019-07-15</subfield>
    <subfield code="y">AGR</subfield>
  </datafield>
  <datafield tag="952" ind1=" " ind2=" ">
    <subfield code="0">0</subfield>
    <subfield code="1">0</subfield>
    <subfield code="2">ddc</subfield>
    <subfield code="4">0</subfield>
    <subfield code="6">AGR_PHO_2017_000000000000000_B633_OR_3</subfield>
    <subfield code="7">0</subfield>
    <subfield code="9">79408</subfield>
    <subfield code="a">LBB</subfield>
    <subfield code="b">LBB</subfield>
    <subfield code="c">B633</subfield>
    <subfield code="d">2019-07-15</subfield>
    <subfield code="l">1</subfield>
    <subfield code="o">AGR PHO 2017 B633 Or.3</subfield>
    <subfield code="p">A42056</subfield>
    <subfield code="r">2019-08-16</subfield>
    <subfield code="s">2019-07-26</subfield>
    <subfield code="w">2019-07-15</subfield>
    <subfield code="y">AGR</subfield>
  </datafield>
  <datafield tag="952" ind1=" " ind2=" ">
    <subfield code="0">0</subfield>
    <subfield code="1">0</subfield>
    <subfield code="2">ddc</subfield>
    <subfield code="4">0</subfield>
    <subfield code="6">AGR_PHO_2017_000000000000000_B633_OR_4</subfield>
    <subfield code="7">0</subfield>
    <subfield code="9">79409</subfield>
    <subfield code="a">LBB</subfield>
    <subfield code="b">LBB</subfield>
    <subfield code="c">B633</subfield>
    <subfield code="d">2019-07-15</subfield>
    <subfield code="o">AGR PHO 2017 B633 Or.4</subfield>
    <subfield code="p">A42219</subfield>
    <subfield code="r">2019-07-15</subfield>
    <subfield code="w">2019-07-15</subfield>
    <subfield code="y">AGR</subfield>
  </datafield>
  <datafield tag="952" ind1=" " ind2=" ">
    <subfield code="0">0</subfield>
    <subfield code="1">0</subfield>
    <subfield code="2">ddc</subfield>
    <subfield code="4">0</subfield>
    <subfield code="6">AGR_PHO_2017_000000000000000_B633_OR_5</subfield>
    <subfield code="7">0</subfield>
    <subfield code="9">79410</subfield>
    <subfield code="a">LBB</subfield>
    <subfield code="b">LBB</subfield>
    <subfield code="c">B633</subfield>
    <subfield code="d">2019-07-15</subfield>
    <subfield code="l">2</subfield>
    <subfield code="o">AGR PHO 2017 B633 Or.5</subfield>
    <subfield code="p">A42076</subfield>
    <subfield code="r">2023-06-09</subfield>
    <subfield code="s">2023-05-17</subfield>
    <subfield code="w">2019-07-15</subfield>
    <subfield code="y">AGR</subfield>
  </datafield>
  <datafield tag="952" ind1=" " ind2=" ">
    <subfield code="0">0</subfield>
    <subfield code="1">0</subfield>
    <subfield code="2">ddc</subfield>
    <subfield code="4">0</subfield>
    <subfield code="6">AGR_PHO_2017_000000000000000_B633_OR_6</subfield>
    <subfield code="7">0</subfield>
    <subfield code="9">79411</subfield>
    <subfield code="a">LBB</subfield>
    <subfield code="b">LBB</subfield>
    <subfield code="c">B633</subfield>
    <subfield code="d">2019-07-15</subfield>
    <subfield code="l">2</subfield>
    <subfield code="o">AGR PHO 2017 B633 Or.6</subfield>
    <subfield code="p">A42151</subfield>
    <subfield code="r">2023-07-12</subfield>
    <subfield code="s">2023-06-23</subfield>
    <subfield code="w">2019-07-15</subfield>
    <subfield code="y">AGR</subfield>
  </datafield>
</record>
